Nicasio /

Enregistré dans:
Détails bibliographiques
Auteur principal: Amo (autor)
Format: Livre
Langue:espagnol
Publié: México : La Prensa, 1975, c1975
Sujets:
Tags: Ajouter un tag
Pas de tags, Soyez le premier à ajouter un tag!

MARC

LEADER 00000nam^a2200000^a^4500
001 000022778
005 20250521000000.0
009 20260310084509.574
037 |a Acervo ITESO - Biblioteca 
041 |a ESP 
082 |a 741. 502  |b AMO V. 2 
100 |a Amo  |e (autor) 
245 1 0 |a Nicasio /  |c Amo. 
264 4 |a México :  |b La Prensa,  |c 1975, c1975 
300 |a 1 v. 
336 |a texto  |b txt  |2 rdacontenido 
337 |a sin mediación  |b n  |2 rdamedio 
338 |a volumen  |b nc  |2 rdasoporte 
649 |a XX 
650 |a Medios de Comunicación 
650 |a Historietas y Caricaturas de Temas Políticos y Sociales 
650 |a Historietas y Caricaturas Nicaragüenses 
910 |a Fondo General 
920 |a Impresos - Libros 
930 |a Colección General 
905 |a 101 
901 |a 0227780100  |b IT1  |c ACC  |i 022778  |u 20250521 
902 |a https://opac.biblio.iteso.mx/vufind/Record/000022778